Ofrecimiento de la preciosíssima sangre de Cristo Nuestro Redentor, Rosario de los Sagrados Misterios de Nuestra Redención...

Detalles Bibliográficos
Formato: Libro
Publicado: Puebla de los Angeles 1814
Materias:
Colección:Banco de datos
Acervo:Biblioteca del Convento de Santa Mónica de la Ciudad de Puebla. Puebla
Tema general:Ascética
Notas:Regular. C5, 28.
LEADER 00647nam a22001810004500
035 |a 50902 
036 |a 670 
245 1 0 |a Ofrecimiento de la preciosíssima sangre de Cristo Nuestro Redentor, Rosario de los Sagrados Misterios de Nuestra Redención... 
260 |a Puebla de los Angeles  |c 1814 
500 |a Regular. C5, 28. 
650 1 0 |a Ascética 
949 |a CRP 
959 |a Ex convento de Santa Mónica. Puebla, Puebla  |b CCC5 
960 |a Convento de Santa Mónica de la ciudad de Puebla  |b DD88 
961 |a Franciscana  |b OF 
942 |c CRP-SM 
943 |g Biblioteca del Convento de Santa Mónica de la Ciudad de Puebla. Puebla 
999 |c 961240  |d 961240